[Event "Superbet Blitz 2022"]
[Site "Warsaw POL"]
[Date "2022.05.22"]
[Round "5.2"]
[White "So, Wesley"]
[Black "Shevchenko, Kirill"]
[Result "1-0"]
[WhiteTitle "GM"]
[BlackTitle "GM"]
[WhiteElo "2776"]
[BlackElo "2644"]
[WhiteFideId "5202213"]
[BlackFideId "14129574"]
[EventDate "2022.05.22"]

1. e4 c5 2. Nf3 d6 3. Bb5+ Bd7 4. Bxd7+ Qxd7 5. c4 Nc6 6. d4 cxd4 7. Nxd4 Nf6 8.
Nc3 g6 9. f3 Bg7 10. Be3 O-O 11. O-O a6 12. a4 e6 13. Nde2 Qc7 14. b3 Rfd8 15.
Kh1 d5 16. cxd5 exd5 17. exd5 Nb4 18. Rc1 Qe7 19. Bg5 Rac8 20. Qd2 Qe5 21. Rcd1
a5 22. Rfe1 h6 23. Bf4 Qf5 24. Nd4 Qd7 25. d6 Re8 26. Rxe8+ Nxe8 27. Ndb5 Rc5
28. Bxh6 Bxc3 29. Nxc3 Qxd6 30. Qe3 Qe5 31. Qxe5 Rxe5 32. Bf4 Re6 33. Kg1 Ng7
34. Rd8+ Re8 35. Rxe8+ Nxe8 36. Ne4 b6 37. Kf1 f5 38. Nd6 Nf6 39. Nc4 Nfd5 40.
Bg5 Nd3 41. Bd8 Nc5 42. Nxb6 Nb4 43. Nc4 Nxb3 44. Bxa5 Nc6 45. Bc3 Kf7 46. Ne5+
Nxe5 47. Bxe5 Ke6 48. Bc3 Kd5 49. Kf2 Nc1 50. a5 Kc5 51. Ke3 Kb5 52. h4 Na2 53.
Bd2 1-0

[Event "Superbet Blitz 2022"]
[Site "Warsaw POL"]
[Date "2022.05.22"]
[Round "5.3"]
[White "Caruana, Fabiano"]
[Black "Gavrilescu, David"]
[Result "1-0"]
[WhiteTitle "GM"]
[BlackTitle "IM"]
[WhiteElo "2786"]
[BlackElo "2518"]
[WhiteFideId "2020009"]
[BlackFideId "1227190"]
[EventDate "2022.05.22"]

1. c4 e6 2. Nc3 d5 3. d4 Nf6 4. cxd5 exd5 5. Bg5 Bb4 6. e3 h6 7. Bxf6 Qxf6 8.
Qb3 Qd6 9. Nf3 O-O 10. Bd3 c6 11. O-O Nd7 12. Rad1 Re8 13. Ne2 Nf6 14. Ng3 Qe7
15. Bf5 Bd6 16. Bxc8 Rexc8 17. Nf5 Qd7 18. Nxd6 Qxd6 19. Qxb7 Rcb8 20. Qa6 Rxb2
21. Rc1 Rb6 22. Qa4 Nd7 23. Rc2 c5 24. dxc5 Nxc5 25. Qa5 Ne6 26. Rd1 Rd8 27. h3
Ra6 28. Qc3 Ra4 29. Rcd2 Qa6 30. Qb2 Qa5 31. Ne5 Qb6 32. Qc2 Qa6 33. Qf5 Qb7 34.
Rb1 Qc7 35. Rc2 g6 36. Nxg6 Ng7 37. Rxc7 Nxf5 38. Ne5 Nd6 39. Nc6 Re8 40. Rd7
Ne4 41. Rbb7 Rxa2 42. Rxf7 Nd6 43. Rg7+ Kf8 44. Rxa7 Rxa7 45. Rxa7 Rc8 46. Nd4
Ne4 47. f3 Rc1+ 48. Kh2 Nf6 49. Ne6+ Ke8 50. Ng7+ Kf8 51. Nf5 Rc2 52. Nxh6 1-0

[Event "Superbet Blitz 2022"]
[Site "Warsaw POL"]
[Date "2022.05.22"]
[Round "5.4"]
[White "Rapport, Richard"]
[Black "Korobov, Anton"]
[Result "1-0"]
[WhiteTitle "GM"]
[BlackTitle "GM"]
[WhiteElo "2776"]
[BlackElo "2671"]
[WhiteFideId "738590"]
[BlackFideId "14105730"]
[EventDate "2022.05.22"]

1. e4 c5 2. Nc3 Nc6 3. Bb5 e6 4. Bxc6 bxc6 5. d3 Ne7 6. f4 d5 7. Nf3 Ng6 8. O-O
Be7 9. Na4 c4 10. b3 cxd3 11. cxd3 dxe4 12. dxe4 Ba6 13. Re1 Qxd1 14. Rxd1 Be2
15. Re1 Bxf3 16. gxf3 O-O-O 17. Be3 Rd3 18. Rac1 Kb7 19. Kf2 Rhd8 20. Nc5+ Bxc5
21. Rxc5 Ne7 22. Ke2 R3d7 23. Rh5 h6 24. Rg1 g6 25. Rxh6 c5 26. Rc1 Nc6 27. Rxc5
Nd4+ 28. Kf2 a6 29. Rh7 Nb5 30. f5 exf5 31. exf5 gxf5 32. Rxf5 Nd6 33. Rd5 Kc6
34. Rc5+ Kb7 35. Bf4 Ne8 36. Rf5 f6 37. Rxd7+ Rxd7 38. Rc5 Ng7 39. Be3 1-0

[Event "Superbet Blitz 2022"]
[Site "Warsaw POL"]
[Date "2022.05.22"]
[Round "5.5"]
[White "Wojtaszek, Radoslaw"]
[Black "Duda, Jan-Krzysztof"]
[Result "0-1"]
[WhiteTitle "GM"]
[BlackTitle "GM"]
[WhiteElo "2696"]
[BlackElo "2750"]
[WhiteFideId "1118358"]
[BlackFideId "1170546"]
[EventDate "2022.05.22"]

1. d4 Nf6 2. c4 g6 3. Nf3 Bg7 4. g3 c5 5. Bg2 cxd4 6. Nxd4 O-O 7. Nc3 Nc6 8. Nc2
d6 9. b3 h5 10. h4 Be6 11. Rb1 Qd7 12. Bb2 Rfd8 13. Ne3 Rac8 14. Ncd5 Ne5 15.
O-O Nxd5 16. cxd5 Bh3 17. Qd2 Bxg2 18. Kxg2 b6 19. Rbc1 Qb7 20. Rxc8 Rxc8 21.
Rc1 Rc5 22. b4 Rxc1 23. Qxc1 Ng4 24. Nxg4 Qxd5+ 25. Kg1 hxg4 26. Qc8+ Bf8 27.
Qxg4 Qxa2 28. Qd4 e5 29. Qc3 Qb1+ 30. Kh2 a5 31. bxa5 bxa5 32. f4 Qf1 33. Qe3
Bh6 34. Qe4 Qf2+ 35. Kh1 Qf1+ 36. Kh2 Qf2+ 37. Kh3 Bg7 38. h5 Qf1+ 39. Kh2 Qf2+
40. Kh3 gxh5 41. Qa8+ Bf8 42. fxe5 Qxe2 43. Bd4 Qf1+ 44. Kh2 Qe2+ 45. Kh3 Qg4+ 0-1

[Event "Superbet Blitz 2022"]
[Site "Warsaw POL"]
[Date "2022.05.22"]
[Round "6.1"]
[White "Aronian, Levon"]
[Black "Duda, Jan-Krzysztof"]
[Result "1/2-1/2"]
[WhiteTitle "GM"]
[BlackTitle "GM"]
[WhiteElo "2765"]
[BlackElo "2750"]
[WhiteFideId "13300474"]
[BlackFideId "1170546"]
[EventDate "2022.05.22"]

1. e4 e5 2. Bc4 Nf6 3. d3 Nc6 4. Nf3 Bc5 5. O-O O-O 6. Re1 d6 7. c3 a6 8. Nbd2
Ba7 9. Nf1 Na5 10. Bb3 Nxb3 11. axb3 h6 12. Ng3 Re8 13. Be3 Bxe3 14. Rxe3 c5 15.
h3 Be6 16. d4 cxd4 17. cxd4 Qb6 18. d5 Bd7 19. Nd2 Qb4 20. Nc4 a5 21. Qe1 Qc5
22. Rc3 Qb4 23. Rcc1 Qxe1+ 24. Rxe1 Ra6 25. Rxa5 Rxa5 26. Nxa5 Ra8 27. Nc4 Ra6
28. f3 g6 29. Kf2 Ne8 30. Rc1 Kf8 31. Ke3 Ke7 32. Nh1 Ng7 33. Nf2 f5 34. Nd3 f4+
35. Kd2 Ne8 36. Nb4 Ra8 37. Nb6 Ra5 38. Nd3 Rb5 39. Nxd7 Kxd7 40. b4 Rb6 41. Ra1
Nc7 42. h4 Ra6 43. Ra5 g5 44. hxg5 hxg5 45. Ke1 b6 46. Ra3 Ra8 47. Rxa8 Nxa8 48.
Nf2 Ke7 49. Nd1 Nc7 50. Nc3 b5 51. Kf2 Kf6 52. g3 Kg6 53. Kg2 Kh6 54. Kh3 Kh5
55. b3 Kh6 56. gxf4 gxf4 57. Kh4 Kg6 58. Kg4 Kf6 59. Kh5 Ke7 60. Kg6 Kd7 61. Kf7
Na6 62. Nxb5 Nxb4 63. Nc3 Nc2 64. Nb1 Nb4 65. Nd2 Nc2 66. Kf6 Nb4 67. Nc4 Nc2
68. Nxe5+ dxe5 69. Kxe5 Na1 70. b4 Nc2 71. Kxf4 Nxb4 72. Ke5 Nd3+ 73. Kf5 Kd6
74. f4 Nf2 75. e5+ Kxd5 76. e6 Kd6 77. Kf6 Ng4+ 78. Kg5 Ne3 79. f5 Nd5 80. Kg6
Ke7 81. f6+ Nxf6 82. Kg5 Kxe6 1/2-1/2

[Event "Superbet Blitz 2022"]
[Site "Warsaw POL"]
[Date "2022.05.22"]
[Round "6.2"]
[White "Korobov, Anton"]
[Black "Wojtaszek, Radoslaw"]
[Result "1/2-1/2"]
[WhiteTitle "GM"]
[BlackTitle "GM"]
[WhiteElo "2671"]
[BlackElo "2696"]
[WhiteFideId "14105730"]
[BlackFideId "1118358"]
[EventDate "2022.05.22"]

1. c4 Nf6 2. Nc3 e5 3. Nf3 Nc6 4. a3 d5 5. cxd5 Nxd5 6. Qc2 Nxc3 7. dxc3 Bd6 8.
e4 O-O 9. Be3 a5 10. Bc4 Bg4 11. O-O-O Qf6 12. h3 Be6 13. Bd5 Bxd5 14. exd5 Nb8
15. Ng5 Qg6 16. Qxg6 hxg6 17. h4 Be7 18. f4 Nd7 19. fxe5 Nxe5 20. Bf4 Bd6 21.
Kc2 Nc4 22. Rd4 b5 23. Bxd6 cxd6 24. a4 Ne3+ 25. Kd3 Nf5 26. Rf4 bxa4 27. h5
Rfe8 28. hxg6 fxg6 29. Ne6 Rab8 30. Rxa4 Rxb2 31. g4 Nh6 32. g5 Nf5 33. Rxa5 Rc8
34. Ra6 Rg2 35. Rc6 Ra8 36. Rb1 Rg3+ 37. Ke4 Ra4+ 38. Rb4 Rg4+ 39. Kf3 Rgxb4 40.
Rc8+ Kf7 41. Rc7+ Kg8 42. Rc8+ Kf7 43. Rc7+ Kg8 44. Rc8+ Kf7 1/2-1/2

[Event "Superbet Blitz 2022"]
[Site "Warsaw POL"]
[Date "2022.05.22"]
[Round "6.3"]
[White "Gavrilescu, David"]
[Black "Rapport, Richard"]
[Result "0-1"]
[WhiteTitle "IM"]
[BlackTitle "GM"]
[WhiteElo "2518"]
[BlackElo "2776"]
[WhiteFideId "1227190"]
[BlackFideId "738590"]
[EventDate "2022.05.22"]

1. e4 c5 2. Nf3 d6 3. Bb5+ Nd7 4. d4 cxd4 5. Qxd4 Nf6 6. O-O a6 7. Be2 Qc7 8. c4
e6 9. Nc3 Be7 10. b3 O-O 11. Bb2 b6 12. Rac1 Bb7 13. Rfd1 Rfe8 14. h3 Rac8 15.
Qe3 Bf8 16. Bd3 Qb8 17. Re1 g6 18. e5 Bxf3 19. exf6 Ba8 20. Ne4 e5 21. Qg5 h6
22. Qh4 Re6 23. f4 exf4 24. Qxf4 Rce8 25. Bc3 Ne5 26. Bb1 d5 27. cxd5 Bxd5 28.
Kh1 Qb7 29. Re2 Nd7 30. Rce1 Qc6 31. Bd4 Nc5 32. Bxc5 bxc5 33. Qg4 Re5 34. h4 c4
35. bxc4 Qxc4 36. Qf3 Qb4 37. a3 Qxa3 38. Qxa3 Bxa3 39. Nc3 Rxe2 40. Rxe2 Rxe2
41. Nxe2 Bb2 42. Nf4 Bb3 43. Be4 a5 44. h5 gxh5 45. Nd3 Bxf6 46. Bc6 Bd4 0-1

[Event "Superbet Blitz 2022"]
[Site "Warsaw POL"]
[Date "2022.05.22"]
[Round "6.4"]
[White "Shevchenko, Kirill"]
[Black "Caruana, Fabiano"]
[Result "0-1"]
[WhiteTitle "GM"]
[BlackTitle "GM"]
[WhiteElo "2644"]
[BlackElo "2786"]
[WhiteFideId "14129574"]
[BlackFideId "2020009"]
[EventDate "2022.05.22"]

1. e4 e5 2. Nf3 Nf6 3. Nc3 Nc6 4. Bb5 Bb4 5. O-O O-O 6. Bxc6 dxc6 7. d3 Nd7 8.
Be3 Re8 9. Ne2 Nf8 10. Ng3 Ng6 11. c3 Bd6 12. Qc2 c5 13. Nf5 Bxf5 14. exf5 Nh4
15. Nxh4 Qxh4 16. Qe2 e4 17. g3 Qh3 18. dxe4 Rxe4 19. Qf3 Rh4 20. Qg2 Qxg2+ 21.
Kxg2 Rh5 22. f4 Rxf5 23. Rad1 Re8 24. Kf3 Rf6 25. c4 Rfe6 26. Rd3 b6 27. Rfd1 f5
28. Ra3 Re4 29. Rc1 a5 30. Rd3 a4 31. Ra3 b5 32. Rac3 b4 33. Rd3 Kf7 34. b3 g6
35. Rc2 Ra8 36. Bf2 axb3 37. axb3 Ra3 38. Rcd2 Ke6 39. Be3 h6 40. h3 Be7 41. g4
Bd6 42. gxf5+ gxf5 43. Rg2 Kf7 44. Rgd2 Re6 45. Rb2 Re4 46. Rd5 Ke6 47. h4 h5
48. Rd3 Be7 49. Rd5 c6 50. Rd1 Bf6 51. Rbd2 Rxb3 52. Rd7 Rbxe3+ 53. Kf2 Bd4 0-1

[Event "Superbet Blitz 2022"]
[Site "Warsaw POL"]
[Date "2022.05.22"]
[Round "7.1"]
[White "So, Wesley"]
[Black "Aronian, Levon"]
[Result "1/2-1/2"]
[WhiteTitle "GM"]
[BlackTitle "GM"]
[WhiteElo "2776"]
[BlackElo "2765"]
[WhiteFideId "5202213"]
[BlackFideId "13300474"]
[EventDate "2022.05.22"]

1. Nf3 d5 2. e3 c5 3. b3 Nc6 4. Bb2 a6 5. d4 Nf6 6. Nbd2 Bg4 7. h3 Bh5 8. Be2 e6
9. O-O Rc8 10. c4 cxd4 11. Nxd4 Bxe2 12. Qxe2 Nxd4 13. Bxd4 Bc5 14. Bxf6 Qxf6
15. cxd5 exd5 16. Nf3 O-O 17. Rad1 Rfd8 18. Rd3 d4 19. exd4 Bxd4 20. Qe4 Bb6 21.
Rxd8+ Rxd8 22. Qxb7 g6 23. Qe4 Qb2 24. Qb4 Qf6 25. Qc4 h5 26. h4 Kg7 27. Qe2 Rd6
28. Rd1 Rxd1+ 29. Qxd1 Qb2 30. Qd2 Qb1+ 31. Kh2 Qf1 32. Nd4 Qa1 33. Nf3 Qf1 34.
Nd4 Qa1 35. Nf3 Qf1 1/2-1/2

[Event "Superbet Blitz 2022"]
[Site "Warsaw POL"]
[Date "2022.05.22"]
[Round "7.2"]
[White "Caruana, Fabiano"]
[Black "Anand, Viswanathan"]
[Result "1-0"]
[WhiteTitle "GM"]
[BlackTitle "GM"]
[WhiteElo "2786"]
[BlackElo "2751"]
[WhiteFideId "2020009"]
[BlackFideId "5000017"]
[EventDate "2022.05.22"]

1. e4 e5 2. Nf3 Nf6 3. Nxe5 d6 4. Nf3 Nxe4 5. d4 d5 6. Bd3 Bd6 7. O-O O-O 8. c4
c6 9. Re1 Bf5 10. Qb3 Qd7 11. Nc3 Nxc3 12. Bxf5 Qxf5 13. bxc3 b6 14. cxd5 cxd5
15. Qb5 Qd7 16. Rb1 Nc6 17. g3 Bc7 18. c4 Rfd8 19. Bg5 f6 20. Bd2 Ne7 21. c5
Qxb5 22. Rxb5 Kf7 23. a4 Rab8 24. Be3 Nf5 25. Reb1 g5 26. Ne1 Ne7 27. Nd3 Ke6
28. Nb4 Rbc8 29. Na6 bxc5 30. Rb7 Bd6 31. dxc5 Be5 32. Rxa7 d4 33. Bd2 Nd5 34.
a5 Nc3 35. Rb6+ Kd5 36. c6 Kc4 37. Rd7 Nd5 38. Rbb7 Re8 39. c7 g4 40. Be1 Nc3
41. Kf1 Ne4 42. Rb6 Kd3 43. Nb4+ Kc4 44. Rc6+ Kb5 45. a6 Nc3 1-0

[Event "Superbet Blitz 2022"]
[Site "Warsaw POL"]
[Date "2022.05.22"]
[Round "7.3"]
[White "Rapport, Richard"]
[Black "Shevchenko, Kirill"]
[Result "1/2-1/2"]
[WhiteTitle "GM"]
[BlackTitle "GM"]
[WhiteElo "2776"]
[BlackElo "2644"]
[WhiteFideId "738590"]
[BlackFideId "14129574"]
[EventDate "2022.05.22"]

1. e4 c5 2. Nc3 Nc6 3. Bb5 Nd4 4. Nf3 e6 5. O-O a6 6. Bd3 Nc6 7. Be2 Nd4 8. Bd3
Nc6 9. Nd5 g6 10. c3 Bg7 11. Ne3 Nge7 12. Bc2 d5 13. exd5 exd5 14. d4 cxd4 15.
cxd4 O-O 16. Bb3 Qd6 17. h3 Bf5 18. Ng4 Be4 19. Nfe5 Nf5 20. f3 Ncxd4 21. fxe4
Ng3 22. Rf2 Nxb3 23. axb3 Nxe4 24. Nf3 Nxf2 25. Nxf2 Rfe8 26. Qd3 Rac8 27. Ng4
h5 28. Nh6+ Kf8 29. Bd2 Re4 30. Ng5 Rd4 31. Qf3 f5 32. Be3 Bxh6 33. Bxd4 Bxg5
34. Rf1 Bf6 35. Be3 Kg7 36. Bf4 Qc5+ 37. Kh1 Re8 38. Rc1 Qd4 39. Rd1 Qe4 40.
Rxd5 Qxf3 41. gxf3 g5 42. Bd2 f4 43. h4 Re5 44. Rd7+ Re7 45. Rd5 Kg6 46. hxg5
Bxg5 47. Bc3 Re6 48. Kg2 Bf6 49. Bd2 Bxb2 50. Bxf4 Bf6 51. Bd2 Re5 52. Rd6 Kf7
53. Rd7+ Re7 54. Rd5 h4 55. Kh3 Ke6 56. Rd3 Rd7 57. Re3+ Kf5 58. Be1 Bg5 59. Rc3
Rd1 60. Rc5+ Kg6 61. Kg4 Be7 62. Re5 Bf6 63. Re4 Rd3 64. b4 h3 65. Bg3 Rb3 66.
f4 Bc3 67. Re3 b6 68. Kxh3 a5 69. bxa5 bxa5 70. Be1 Bxe1 71. Rxb3 Kf5 72. Rb1
Bd2 73. Kg2 Kxf4 74. Ra1 Ke3 75. Rxa5 Bxa5 1/2-1/2

[Event "Superbet Blitz 2022"]
[Site "Warsaw POL"]
[Date "2022.05.22"]
[Round "7.4"]
[White "Wojtaszek, Radoslaw"]
[Black "Gavrilescu, David"]
[Result "1/2-1/2"]
[WhiteTitle "GM"]
[BlackTitle "IM"]
[WhiteElo "2696"]
[BlackElo "2518"]
[WhiteFideId "1118358"]
[BlackFideId "1227190"]
[EventDate "2022.05.22"]

1. c4 e6 2. Nc3 d5 3. d4 Nf6 4. Bg5 dxc4 5. e3 a6 6. Bxc4 b5 7. Be2 c5 8. Bf3
Ra7 9. Nge2 Bb7 10. Bxb7 Rxb7 11. O-O Nbd7 12. d5 exd5 13. Nxd5 Be7 14. Nxe7
Qxe7 15. Nc3 Qe6 16. Qf3 Rb8 17. Bf4 Rd8 18. Rad1 O-O 19. Qb7 b4 20. Nd5 Nxd5
21. Rxd5 Nf6 22. Rxc5 Qxa2 23. Qxb4 Nd5 24. Qc4 Qxc4 25. Rxc4 Nxf4 26. Rxf4 Rd2
27. b4 g6 28. h4 Rb8 29. Rc1 Rb7 30. g4 Ra2 31. h5 Kg7 32. Kg2 Ra4 33. Rcc4 a5
34. bxa5 Rxa5 35. hxg6 hxg6 36. Rc6 Rab5 37. Rcc4 R5b6 38. Rfd4 Rf6 39. g5 Rf5
40. f4 Ra5 41. Rd8 f6 42. gxf6+ Kxf6 43. Rc6+ Kf7 44. Rdd6 g5 45. Rf6+ Ke7 46.
Rfe6+ Kf7 47. Rf6+ Ke7 48. f5 Re5 49. Rce6+ Rxe6 50. Rxe6+ Kf7 51. Kf3 Rb4 52.
e4 Rb1 53. Rg6 Rf1+ 54. Ke3 Rg1 55. Kd4 g4 56. Ke3 g3 57. Kf4 g2 58. Ke5 Kf8 59.
f6 Kf7 60. Rg7+ Kf8 61. Rg3 Kf7 62. Rg7+ Kf8 63. Ke6 Re1 64. Rxg2 Rxe4+ 65. Kf5
Re1 66. Kg6 Rf1 67. Rg5 Rf2 68. Rg4 Rf1 69. Ra4 Rg1+ 70. Kf5 Rf1+ 71. Ke6 Re1+
72. Kf5 Rf1+ 73. Ke6 Re1+ 74. Kf5 1/2-1/2

[Event "Superbet Blitz 2022"]
[Site "Warsaw POL"]
[Date "2022.05.22"]
[Round "7.5"]
[White "Duda, Jan-Krzysztof"]
[Black "Korobov, Anton"]
[Result "1-0"]
[WhiteTitle "GM"]
[BlackTitle "GM"]
[WhiteElo "2750"]
[BlackElo "2671"]
[WhiteFideId "1170546"]
[BlackFideId "14105730"]
[EventDate "2022.05.22"]

1. d4 Nf6 2. c4 e6 3. Nf3 b6 4. a3 Bb7 5. Nc3 d5 6. cxd5 Nxd5 7. e3 g6 8. Bb5+
c6 9. Bd3 Bg7 10. h4 h6 11. e4 Nxc3 12. bxc3 Nd7 13. e5 c5 14. O-O cxd4 15. cxd4
Rc8 16. a4 O-O 17. Qe2 Bxf3 18. Qxf3 Rc3 19. Rd1 Qxh4 20. Be3 Rd8 21. g3 Qh3 22.
Be4 h5 23. Rdc1 Rdc8 24. Rxc3 Rxc3 25. Rc1 Ra3 26. Bc6 Nf8 27. Be8 Kh7 28. Bxf7
h4 29. Qg2 Qf5 30. Be8 hxg3 31. Qxg3 Bh6 32. Qh4 Rxe3 33. Rc7+ Kg8 34. Bf7+ Qxf7
35. Rxf7 Re1+ 36. Kg2 Kxf7 37. Qxh6 Ra1 38. Qf4+ Ke8 39. Qe4 a5 40. Qc6+ Ke7 41.
Qxb6 Rxa4 42. Qc7+ Nd7 43. Qd6+ Kd8 44. d5 Rg4+ 45. Kf1 Rd4 46. Qxe6 1-0

[Event "Superbet Blitz 2022"]
[Site "Warsaw POL"]
[Date "2022.05.22"]
[Round "8.1"]
[White "Aronian, Levon"]
[Black "Korobov, Anton"]
[Result "1-0"]
[WhiteTitle "GM"]
[BlackTitle "GM"]
[WhiteElo "2765"]
[BlackElo "2671"]
[WhiteFideId "13300474"]
[BlackFideId "14105730"]
[EventDate "2022.05.22"]

1. e4 c5 2. Nf3 d6 3. c3 Nf6 4. Be2 g6 5. O-O Bg7 6. d3 O-O 7. Be3 Nc6 8. Nbd2
e5 9. a3 h6 10. h3 Nh5 11. Re1 Nf4 12. Bf1 g5 13. b4 b6 14. b5 Ne7 15. d4 cxd4
16. cxd4 Neg6 17. a4 h5 18. dxe5 g4 19. hxg4 hxg4 20. Nd4 dxe5 21. Nf5 Qg5 22.
a5 bxa5 23. Rxa5 Bxf5 24. exf5 Qxf5 25. Rxa7 Rad8 26. Qb1 Qh5 27. Ne4 Nh4 28.
Ng3 Qg5 29. b6 f5 30. b7 Nh3+ 31. gxh3 f4 32. Ne4 Qh5 33. Rd1 gxh3 34. Rxd8 Qg4+
35. Kh1 Rxd8 36. b8=Q 1-0

[Event "Superbet Blitz 2022"]
[Site "Warsaw POL"]
[Date "2022.05.22"]
[Round "8.2"]
[White "Gavrilescu, David"]
[Black "Duda, Jan-Krzysztof"]
[Result "0-1"]
[WhiteTitle "IM"]
[BlackTitle "GM"]
[WhiteElo "2518"]
[BlackElo "2750"]
[WhiteFideId "1227190"]
[BlackFideId "1170546"]
[EventDate "2022.05.22"]

1. e4 c5 2. Nf3 Nf6 3. e5 Nd5 4. Nc3 Nxc3 5. dxc3 Nc6 6. Bf4 e6 7. Qd2 h6 8. h4
a6 9. c4 Qc7 10. h5 b6 11. O-O-O Bb7 12. Be2 b5 13. Rh3 Na5 14. cxb5 axb5 15.
Bxb5 Bd5 16. a4 Qb7 17. Qe2 c4 18. Nd4 Bxg2 19. Nxe6 fxe6 20. Bxd7+ Qxd7 21.
Rxd7 Kxd7 22. Rg3 Bd5 23. Bd2 Nc6 24. Bc3 Rxa4 25. Qe3 Kc7 26. Qf4 Ra1+ 27. Kd2
Ra7 28. Qf7+ Kd8 29. Qf4 Kc8 30. Bd4 Rd7 31. c3 Nxd4 32. cxd4 Bb4+ 33. Kc2 Rf8
34. Qe3 Rdf7 35. f4 Rxf4 36. Rxg7 Rf2+ 37. Kb1 Rf1+ 0-1

[Event "Superbet Blitz 2022"]
[Site "Warsaw POL"]
[Date "2022.05.22"]
[Round "8.3"]
[White "Shevchenko, Kirill"]
[Black "Wojtaszek, Radoslaw"]
[Result "1/2-1/2"]
[WhiteTitle "GM"]
[BlackTitle "GM"]
[WhiteElo "2644"]
[BlackElo "2696"]
[WhiteFideId "14129574"]
[BlackFideId "1118358"]
[EventDate "2022.05.22"]

1. e4 c6 2. Nf3 d5 3. e5 Bg4 4. Be2 e6 5. O-O c5 6. c4 dxc4 7. Na3 Ne7 8. Nxc4
Nec6 9. d4 Bxf3 10. Bxf3 cxd4 11. Qb3 Qc7 12. Bd2 Be7 13. Rac1 O-O 14. Be4 Nd7
15. Qg3 g6 16. Bf4 Rad8 17. Rfd1 Nc5 18. Bb1 Rd5 19. h4 Rfd8 20. h5 d3 21. Nd6
Nxe5 22. Nb5 Qd7 23. Nc3 Nc6 24. hxg6 hxg6 25. Nxd5 Qxd5 26. Be3 Ne5 27. Qf4 Ne4
28. Rc7 Bd6 29. Rxd3 Qa5 30. Rd1 Bxc7 31. Rxd8+ Bxd8 32. Bxe4 Bc7 33. g3 Nc4 34.
Qf3 Qe1+ 35. Kg2 Nxe3+ 36. Qxe3 Qxe3 37. fxe3 b6 38. g4 Kf8 39. Kf3 Ke7 40. Bc6
Kd6 41. Be8 Ke7 42. Bc6 Be5 43. b3 a5 44. Ke4 Bb2 45. Kd3 f5 46. gxf5 exf5 47.
e4 f4 48. Ke2 Bf6 49. Kf3 Kd6 50. Be8 g5 51. a4 Ke5 52. Bc6 Be7 53. Bd5 Kd4 54.
Bc6 Kd3 55. Bd5 Kc3 56. Be6 Kd4 57. Bd5 Bd6 58. Bc6 Be5 59. Bd5 Bc7 60. Bc6 Bd6
61. Bd5 Bc7 62. Be6 Bd6 63. Bd5 Bc7 64. Be6 Bd6 1/2-1/2

[Event "Superbet Blitz 2022"]
[Site "Warsaw POL"]
[Date "2022.05.22"]
[Round "8.4"]
[White "Anand, Viswanathan"]
[Black "Rapport, Richard"]
[Result "1/2-1/2"]
[WhiteTitle "GM"]
[BlackTitle "GM"]
[WhiteElo "2751"]
[BlackElo "2776"]
[WhiteFideId "5000017"]
[BlackFideId "738590"]
[EventDate "2022.05.22"]

1. e4 c5 2. Nf3 d6 3. Bb5+ Nd7 4. d4 cxd4 5. Nxd4 a6 6. Bd3 g6 7. c4 Bg7 8. Be3
Qb6 9. Nb3 Qc7 10. Nc3 Bxc3+ 11. bxc3 Ngf6 12. O-O b6 13. f3 h5 14. a4 a5 15.
Nd4 Ne5 16. Nb5 Qc6 17. Be2 Be6 18. Nd4 Qc5 19. Nf5 Qc8 20. Ng7+ Kf8 21. Nxe6+
Qxe6 22. Bxb6 Nxc4 23. Bd4 Rc8 24. Rb1 h4 25. Rb5 Rh5 26. Qb3 h3 27. g4 Rxb5 28.
axb5 Nd7 29. Ra1 d5 30. Bxc4 dxc4 31. Qd1 Ra8 32. Qf1 f6 33. Qxh3 Kg7 34. Qg3 g5
35. Qc7 Ne5 36. Bxe5 Qxe5 37. Qxe5 fxe5 38. Ra4 Kf6 39. Rxc4 Ke6 40. Ra4 Kd6 41.
c4 Kc5 42. Kg2 Kb6 43. Kg3 Rh8 44. Ra1 Rh6 45. Rd1 Rd6 46. Rc1 Rh6 47. h3 Kc5
48. Ra1 Kb6 49. Rd1 Rd6 50. Rg1 Rh6 51. h4 Rxh4 52. Rd1 Rh8 53. Ra1 Ra8 54. Ra4
Rd8 55. Kf2 Rd3 56. Ke2 Rc3 57. Kf2 Rb3 58. Ke2 Rc3 59. Kf2 Rb3 60. Ke2 1/2-1/2

[Event "Superbet Blitz 2022"]
[Site "Warsaw POL"]
[Date "2022.05.22"]
[Round "8.5"]
[White "So, Wesley"]
[Black "Caruana, Fabiano"]
[Result "0-1"]
[WhiteTitle "GM"]
[BlackTitle "GM"]
[WhiteElo "2776"]
[BlackElo "2786"]
[WhiteFideId "5202213"]
[BlackFideId "2020009"]
[EventDate "2022.05.22"]

1. e4 e5 2. Nf3 Nf6 3. Nxe5 d6 4. Nf3 Nxe4 5. Nc3 Nxc3 6. dxc3 Be7 7. Be3 Nc6 8.
Qd2 Bf5 9. O-O-O Qd7 10. h3 O-O 11. Kb1 Rfe8 12. Nd4 Nxd4 13. Bxd4 Bf8 14. Be2
a5 15. g4 Be6 16. c4 d5 17. c5 b6 18. Qc3 bxc5 19. Bxc5 Qc6 20. Bd4 Qb7 21. Bc5
Bxc5 22. Qxc5 Reb8 23. b3 a4 24. Rd4 axb3 25. axb3 Ra7 26. Kb2 Rba8 27. Rb1 Ra5
28. Rb4 Qc8 29. Rb5 Ra2+ 30. Kc3 Bd7 31. Rb4 R2a5 32. Qe7 c5 33. Rf4 Be6 34. Kd2
Qb8 35. Ke3 Qe5+ 36. Kf3 Bxg4+ 0-1

[Event "Superbet Blitz 2022"]
[Site "Warsaw POL"]
[Date "2022.05.22"]
[Round "9.1"]
[White "Caruana, Fabiano"]
[Black "Aronian, Levon"]
[Result "1/2-1/2"]
[WhiteTitle "GM"]
[BlackTitle "GM"]
[WhiteElo "2786"]
[BlackElo "2765"]
[WhiteFideId "2020009"]
[BlackFideId "13300474"]
[EventDate "2022.05.22"]

1. c4 Nf6 2. Nc3 e6 3. e4 d5 4. e5 d4 5. exf6 dxc3 6. bxc3 Qxf6 7. Nf3 b6 8. g3
Bb7 9. Bg2 Bd6 10. d4 h6 11. O-O O-O 12. Re1 Rd8 13. Qd3 Nd7 14. h4 Qf5 15. Qxf5
exf5 16. a4 a5 17. Be3 Nf6 18. c5 bxc5 19. dxc5 Bf8 20. Bd4 Ne4 21. Ne5 Bd5 22.
c6 Bd6 23. g4 Bxe5 24. Bxe5 Re8 25. f4 fxg4 26. Bxe4 Bxe4 27. Rxe4 f6 28. Rd1
fxe5 29. fxe5 Ra6 30. Rd7 Rxc6 31. Rxg4 g6 32. Rd5 Kf7 33. c4 Rb6 34. Rxa5 Rb2
35. Rd5 Ra2 36. a5 Ra8 37. e6+ Kf6 38. Re4 Re8 39. Rde5 Re7 40. Re3 c6 41. Rc5
Rxe6 42. Rxe6+ Kxe6 43. Rxc6+ Kf5 44. a6 h5 45. c5 g5 46. hxg5 Kxg5 47. Rd6 Kf5
48. Rh6 Ke5 49. Kf1 Kd5 50. Rxh5+ Kd4 51. c6 Rxa6 52. Rh6 Kd5 53. c7 Ra1+ 54.
Ke2 Rc1 55. Rh7 Kd6 56. Kd2 Rxc7 57. Rxc7 Kxc7 1/2-1/2

[Event "Superbet Blitz 2022"]
[Site "Warsaw POL"]
[Date "2022.05.22"]
[Round "9.2"]
[White "Rapport, Richard"]
[Black "So, Wesley"]
[Result "0-1"]
[WhiteTitle "GM"]
[BlackTitle "GM"]
[WhiteElo "2776"]
[BlackElo "2776"]
[WhiteFideId "738590"]
[BlackFideId "5202213"]
[EventDate "2022.05.22"]

1. e4 e5 2. Nf3 Nc6 3. Nc3 Nf6 4. a4 d5 5. Bb5 d4 6. Ne2 Bd6 7. d3 O-O 8. Bxc6
bxc6 9. h3 c5 10. b3 Ne8 11. g4 g6 12. Ng3 Ng7 13. Bh6 Rb8 14. Rg1 Kh8 15. Kf1
f6 16. Nd2 Rf7 17. Qf3 Ne6 18. h4 Bf8 19. Bxf8 Qxf8 20. Rh1 Bb7 21. Qe2 Nf4 22.
Qe1 Re8 23. h5 g5 24. Nc4 Ba6 25. Nb2 Qd6 26. Nf5 Qb6 27. f3 Qb4 28. Kf2 Rb8 29.
a5 Bb5 30. a6 Rff8 31. Ra5 Ne6 32. Ne7 c6 33. Nf5 Rfd8 34. Kg3 Kg8 35. Ra2 Kf8
36. Qe2 Nf4 37. Qf2 Ne6 38. Rha1 Nf4 39. Kh2 Ne6 40. Ng3 Rb6 41. Nf1 Nc7 42. Nd2
Rxa6 43. Rxa6 Bxa6 44. Ra2 Ra8 45. Ndc4 Bb5 46. Na5 Ne6 47. Nd1 Nf4 48. Kg3 Rb8
49. Kh2 Rb6 50. Nc4 Ra6 51. Rxa6 Bxa6 52. Nd6 Ke7 53. Nf5+ Kd7 54. Nb2 Bb5 55.
Nh6 a5 56. Nd1 a4 57. bxa4 Bxa4 58. c3 dxc3 59. Qa2 Bxd1 60. Qf7+ Kc8 61. Kg3
Qd4 62. Qg8+ Kc7 63. Qf7+ Kb6 0-1